000 00927nam a22002537a 4500
003 dpl
005 20180709160407.0
008 180623b xxu||||| |||| 00| 0 eng d
010 _aB-225256
020 _c00.00
_a9780070599376
035 _aB-225256, B-225262, B-225257
037 _bCen Lib/Ret
040 _aDPL
_bEN
_c0
082 _a658.57
_bSUD
100 _aSudesh Kumar, G.
_932454
245 _aOutsourcing laboratory based services :
_cby G. Sudesh Kumar
_binventing a new future for R and D and testing /
260 _bTata McGraw-Hill Publishing
_aNew Delhi
_c2006
270 _bNew Delhi
_a7 west Patel Nagar
_e110008
300 _axvii,198p. :
_c24cm(Hb)
_bill.
500 _aIncludes bibliographical references and index
650 _aResearch -- Contracting out -- India
_932455
650 _aResearch, Industrial -- Economic aspects -- India
_932456
942 _2ddc
_cEN
_h658.57
_mSUD
999 _c131676
_d131676